MyGZULibrary

Fieldwork, participation and practice : (Record no. 6941)

MARC details
000 -LEADER
fixed length control field 01916cam a2200385 a 4500
001 - CONTROL NUMBER
control field 12239359
003 - CONTROL NUMBER IDENTIFIER
control field GZU
005 - DATE AND TIME OF LATEST TRANSACTION
control field 20210504090636.0
008 - FIXED-LENGTH DATA ELEMENTS--GENERAL INFORMATION
fixed length control field 001124s2000 enk b 001 0 eng d
010 ## - LIBRARY OF CONGRESS CONTROL NUMBER
LC control number 00711565
015 ## - NATIONAL BIBLIOGRAPHY NUMBER
National bibliography number GBA0-X6117
020 ## - INTERNATIONAL STANDARD BOOK NUMBER
International Standard Book Number 0761954864
020 ## - INTERNATIONAL STANDARD BOOK NUMBER
International Standard Book Number 0761954872 (pbk)
035 ## - SYSTEM CONTROL NUMBER
System control number (OCoLC)ocm44185231
040 ## - CATALOGING SOURCE
Original cataloging agency UKM
Transcribing agency UKM
Modifying agency DLC
042 ## - AUTHENTICATION CODE
Authentication code lccopycat
050 00 - LIBRARY OF CONGRESS CALL NUMBER
Classification number H61 LAI 2000
Item number .L2268 2000
100 1# - MAIN ENTRY--PERSONAL NAME
Personal name Laine, Marlene de.
245 10 - TITLE STATEMENT
Title Fieldwork, participation and practice :
Remainder of title ethics and dilemmas in qualitative research /
Statement of responsibility, etc. Marlene de Laine.
260 ## - PUBLICATION, DISTRIBUTION, ETC.
Place of publication, distribution, etc. London ; Thousand Oaks, Calif. :
Name of publisher, distributor, etc. SAGE,
Date of publication, distribution, etc. 2000.
300 ## - PHYSICAL DESCRIPTION
Extent 231 p. ;
Dimensions 24 cm.
500 ## - GENERAL NOTE
General note Includes bibliography
504 ## - BIBLIOGRAPHY, ETC. NOTE
Bibliography, etc. note Includes bibliographical references (p. [216]-225) and index.
505 8# - FORMATTED CONTENTS NOTE
Formatted contents note Machine generated contents note: 1 -- Introduction -- 2 -- The moral career of the qualitative fieldworker -- 3 -- Scripts and staging the self -- 4 -- Back regions and sensitive methods -- 5 -- Roles and role performance -- 6 -- Ethical dilemmas: the demands and expectations -- of various audiences -- 7 -- Field notes: ethics and the emotional self -- 8 -- Textual 'impression management' of self and others -- 9 -- Conclusion -- References -- Index.
600 ## - SUBJECT ADDED ENTRY--PERSONAL NAME
Source of heading or term Qualitative research
650 #0 - SUBJECT ADDED ENTRY--TOPICAL TERM
Topical term or geographic name entry element Social sciences
General subdivision Methodology.
650 #0 - SUBJECT ADDED ENTRY--TOPICAL TERM
Topical term or geographic name entry element Social sciences
General subdivision Fieldwork.
650 #0 - SUBJECT ADDED ENTRY--TOPICAL TERM
Topical term or geographic name entry element Qualitative research
General subdivision Moral and ethical aspects.
650 #0 - SUBJECT ADDED ENTRY--TOPICAL TERM
Topical term or geographic name entry element Social sciences
General subdivision Methodology
-- Moral and ethical aspects.
856 41 - ELECTRONIC LOCATION AND ACCESS
Materials specified Table of contents only
Uniform Resource Identifier <a href="http://www.loc.gov/catdir/toc/fy022/00711565.html">http://www.loc.gov/catdir/toc/fy022/00711565.html</a>
856 42 - ELECTRONIC LOCATION AND ACCESS
Materials specified Publisher description
Uniform Resource Identifier <a href="http://www.loc.gov/catdir/enhancements/fy0657/00711565-d.html">http://www.loc.gov/catdir/enhancements/fy0657/00711565-d.html</a>
906 ## - LOCAL DATA ELEMENT F, LDF (RLIN)
a 7
b cbc
c copycat
d 2
e ncip
f 20
g y-gencatlg
942 ## - ADDED ENTRY ELEMENTS (KOHA)
Source of classification or shelving scheme Library of Congress Classification
Koha item type Books
Classification part 61
Item part LAI
Call number prefix H
Holdings
Withdrawn status Lost status Damaged status Not for loan Collection code Home library Current library Shelving location Date acquired Total Checkouts Full call number Barcode Date last seen Copy number Price effective from Koha item type
        Non-fiction Gender Resource Centre Gender Resource Centre General Stacks 05/04/2021   H61 LAI 2000 001274 05/04/2021 c.1 05/04/2021 Books
        Non-fiction Gender Resource Centre Gender Resource Centre General Stacks 05/04/2021   H61 LAI 2000 001634 05/04/2021 c.2 05/04/2021 Books